000 00862nam a2200205Ii 4500
003 JO-AjNU
008 230605s9999||||xx |||||||||||||| ||und||
040 _aJO-AjNU
_bara
_erda
_cJO-AjNU
041 _aara
050 1 4 _aDT38.9.A7.W36.2019
100 3 _aتأليف: وناس،زمان عبيد، هاشم ناصر حسين الكعبي,
_eauthor
_960734
245 0 0 _aتاريخ علاقات العرب مع افريقيا جنوب الصحراء
250 _aالطبعة الاولي
264 3 1 _aعمان:دار صفاء للنشر والتوزيع، 2019
300 _a192ص
_b ويحتوي على قائمة مراجع من ص175ص- 192ص
336 _atext
_btxt
_2rdacontent
337 _aunmediated
_bn
_2rdamedia
338 _avolume
_bnc
_2rdacarrier
650 4 _aالبلاد العربية -علاقات خارجية - افريقيا
_960735
999 _aA27407
_c30975
_d30975